IRRI Research Paper Series (IRPS), Vol 7: Nos 121-140, 1986-1990

Đã lưu trong:
Bibliografiske detaljer
Hovedforfatter: IRRI
Format: Bog
Sprog:Undetermined
Udgivet: Philippines IRRI
Fag:
Tags: Tilføj Tag
Ingen Tags, Vær først til at tagge denne postø!
Thư viện lưu trữ: Trung tâm Học liệu Trường Đại học Cần Thơ
LEADER 00457nam a2200169Ia 4500
001 CTU_38623
008 210402s9999 xx 000 0 und d
082 |a 633.18 
082 |b I71/vol 7 
100 |a IRRI 
245 0 |a IRRI Research Paper Series (IRPS), Vol 7: Nos 121-140, 1986-1990 
245 0 |c IRRI 
260 |a Philippines 
260 |b IRRI 
650 |a rice 
904 |i Liên, 990602 
980 |a Trung tâm Học liệu Trường Đại học Cần Thơ